Statistiken für Höchste Berge Island

Klicken Sie hier um das Quiz zu spielen!

Allgemein

  • Dieses Quiz wurde 14 mal gespielt
  • Das Durchschnittsergebnis liegt bei 8 aus 25

Antwortstatistiken

HöheAnfangsbuchstabeName% Korrekt
1491HHekla
100%
1666EEyjafjallajökull
60%
2110HHvannadalshnúkur
60%
1538KKerling
60%
1929AAustur-Kverkfjöll
40%
1720GGrímsvötn
40%
1765HHofsjökull
40%
1468MMiklafell í Hofsjökli
40%
1833SSnæfell
40%
1446SSnæfellsjökull
40%
2009BBárðarbunga
20%
1675EEiríksjökull
20%
1522EEsja, Esjufjöll
20%
1564GGrendill
20%
1756HHrútfjallstindur
20%
1848RRótarfjallshnúkur
20%
1488SSnækollur
20%
1554Þ (P/Th)Þverártindsegg
20%
1492TTindfjallajökull
20%
1459TTrölladyngja
20%
1539TTungnafellsjökull
20%
1462Ý (Y)Ýmir
20%
1482BBreiðabunga
0%
1684HHerðubreið
0%
1628SSyðri-Hásteinar
0%

Verteilung der Resultate

Perzentil nach korrekt beantworteten Fragen

Anzahl Personen mit jedem Resultat

Ihre Resultats-Entwicklung

Sie haben dieses Quiz noch nicht gespielt